Spider-Man: Into the Spider-Verse Quiz (SPOILERS) - Statistics

General Stats
  • This quiz has been taken 110 times
  • The average score is 14 of 20
Answer Stats
Actor Role % Correct
Shameik Moore Miles Morales/Spider-Man
100%
Hailee Steinfeld Gwen Stacy/Spider-Woman
98%
Jake Johnson Peter B. Parker/Spider-Man
96%
Chris Pine Peter Parker/Spider-Man
96%
Nicolas Cage Peter Parker/Spider-Man Noir
89%
Mahershala Ali Aaron Davis/The Prowler
88%
John Mulaney Peter Porker/Spider-Ham
85%
Liev Schreiber Wilson Fisk/Kingpin
85%
Luna Lauren Velez Rio Morales
82%
Brian Tyree Henry Officer Jefferson Davis
78%
Kathryn Hahn Olivia Octavius/Doc Ock
74%
Kimiko Glenn Peni Parker
73%
Lily Tomlin Aunt May
72%
Oscar Isaac Miguel O’Hara/Spider-Man 2099
66%
Zoë Kravitz Mary Jane Watson
57%
Joaquín Cosio Scorpion
55%
Marvin Jones III Tombstone
51%
Jorma Taccone Green Goblin
40%
Greta Lee Lyla
33%
Lake Bell Vanessa Fisk
22%
No matching quizzes found
Score Distribution
Percent of People with Each Score
Percentile by Number Answered
Your Score History
You have not taken this quiz